000 02345cas a22005057a 4500
005 20220329143018.0
008 001017c1969 mx qr pernn 0 b1 d
010 _a90655
011 _a91627
022 _a0301-7036
035 _a102188
245 0 0 _aProblemas del Desarrollo :
_brevista latinoamericana de economía
_c/por Universidad Nacional Autónoma de México. Instituto de Investigaciones Económicas
260 0 _aMéxico, D.F.:
_bUniversidad Nacional Autónoma de México. Instituto de Investigaciones Económicas
_c1969-
300 _av.
310 _aTrimestral
362 _an.136, 2004.
590 _aBATCH-UPD
_b10
_c20130110
_lUCH01
_h0622
590 _aBATCH-UPD
_b10
_c20130110
_lUCH01
_h2356
590 _aBATCH-UPD
_b10
_c20130410
_lUCH01
_h0305
590 _aBATCH-UPD
_b10
_c20130410
_lUCH01
_h1642
590 _aBATCH-UPD
_b10
_c20130914
_lUCH01
_h0320
590 _aBATCH-UPD
_b10
_c20130914
_lUCH01
_h2148
590 _aCONVERSION
_b10
_c20130109
_lUCH01
_h1350
650 1 4 _aAmérica Latina
_xCondiciones económicas
_xPublicaciones periódicas.
_95391
650 1 4 _aMéxico
_xCondiciones económicas
_xPublicaciones periódicas.
_976727
866 _av. 29 n. 112 (Marzo 1998)
866 _av. 30 n. 113 (Junio 1998) - v. 30 n. 116 (Marzo 1999)
866 _av. 31 n. 117 (Junio 1999) - v. 31 n. 120 (Marzo 2000)
866 _av. 32 n. 124 (Marzo 2001)
866 _av. 33 n. 125 (Junio 2001) - v. 33 n. 128 (Marzo 2002)
866 _av. 34 n. 129 (Junio 2002)
866 _av. 34 n. 131 (Diciembre 2002) - v. 34 n. 132 (Marzo 2003)
866 _av. 35 n. 133 (Junio 2003) - v. 35 n. 136 (Marzo 2004)
866 _av. 36 n. 137 (Junio 2004) - v. 36 n. 140 (Marzo 2005)
866 _av. 37 n. 141 (Junio 2005) - v. 37 n. 144 (Marzo 2006)
866 _av. 38 n. 145 (Junio 2006) - v. 38 n. 148 (Marzo 2007)
866 _av. 39 n. 149 (Junio 2007) - v. 39 n. 152 (Marzo 2008)
866 _av. 40 n. 153 (Junio 2008) - v. 40 n. 156 (Marzo 2009)
866 _av. 40 n. 158 (Septiembre 2009)
866 _av. 41 n. 157 (Junio 2009)
866 _av. 41 n. 159 (Diciembre 2009) - v. 41 n. 160 (Marzo 2010)
866 _av. 42 n. 161 (Junio 2010)
901 _aSE
905 _aAraceli Hernández Gómez.
999 _c90655
_d90655